000 00653cam a22002411 4500
999 _c9253
_d9253
001 9253
003 BD-JhCC
005 20180312115544.0
008 721115s1964 nyu b 000 0 eng
035 _a(BD-JhCC)9253
040 _aDLC
_cODaWU
_dOCoLC
_dDLC
_dBD-JhCC
041 _aeng
050 0 0 _aJC433
_b.E36
082 _a321.8082
_bEHR 1964
100 1 _aEhrmann, Henry Walter,
_d1908-
245 1 0 _aDemocracy in a changing society.
_cEdited by Henry W. Ehrmann.
260 _aNew York,
_bPraeger
_c[1964]
300 _axiii, 210 p.
_c21 cm.
504 _aBibliographical footnotes.
650 0 _aDemocracy.
942 _2ddc
_cBK